Умершие в Москве - Армагеддон - Statistics

General Stats
  • This quiz has been taken 2 times
  • The average score is 6 of 50
Answers on the Grid
Answers color-coded by a green-red scale on the quiz's grid according to % correct below.
Лев Яшин
Михаил Кутузов
Егор Летов
Юрий Гагарин
Алексей Навальный
Вячеслав Молотов
Осип Мандельштам
Децл
Людмила Зыкина
Георгий Жуков
Софья Ковалевская
Александр I
Андрей Громыко
Николай Андрианов
Валентин Серов
Майя Плисецкая
Леонид Гайдай
Александр III
Семён Будённый
Марина Цветаева
Михаил Калашников
Емельян Пугачёв
Иван Грозный
Антон Чехов
Николай Вавилов
Сергей Королёв
Иосиф Сталин
Александр Колчак
Николай Бердяев
Сергей Прокофьев
Николай Пирогов
Михаил Шолохов
Сергей Мавроди
Эдуард Стрельцов
Николай Раевский
Пётр Багратион
Борис Немцов
Паша Техник
Александр Лебедь
Николай Гоголь
Вячеслав Тихонов
Борис Ельцин
Михаил Лермонтов
Сергей Параджанов
Евгений Леонов
Николай Рерих
Михаил Булгаков
Сергей Супонев
Пётр Столыпин
Любовь Орлова
Владимир Высоцкий
Сергей Бондарчук
Алексей Аракчеев
Михаил Задорнов
Фёдор Ушаков
Юрий Никулин
Сергей Магнитский
Александр Градский
Борис Годунов
Пётр Врангель
Муслим Магомаев
Алексей Косыгин
Юрий Лужков
Никита Хрущёв
Алексей Балабанов
Лев Толстой
Михаил Воронцов
Пётр Чаадаев
Феликс Дзержинский
Алексей Щусев
Лавр Корнилов
Алексей Стаханов
Михаил Ботвинник
Лаврентий Берия
Василий Чапаев
Александр Масляков
Василий Шукшин
Иосиф Кобзон
Валентин Пикуль
Арам Хачатурян
Владислав Листьев
Андрей Миронов
Георгий Плеханов
Людмила Гурченко
Джохар Дудаев
Михаил Тухачевский
Анна Политковская
Иван Кожедуб
Аркадий Гайдар
Илья Репин
Михаил Горбачёв
Евгений Пригожин
Афанасий Фет
Клара Цеткин
Иван Паскевич
Валерий Чкалов
Алексей Леонов
Иван Мазепа
Михаил Жванецкий
 
Answer Stats
Answer % Correct
Александр Масляков
100%
Леонид Гайдай
50%
Сергей Мавроди
50%
Евгений Леонов
50%
Сергей Бондарчук
50%
Борис Годунов
50%
Никита Хрущёв
50%
Лаврентий Берия
50%
Иосиф Кобзон
50%
Людмила Гурченко
50%
Лев Яшин
0%
Вячеслав Молотов
0%
Людмила Зыкина
0%
Георгий Жуков
0%
Андрей Громыко
0%
Валентин Серов
0%
Семён Будённый
0%
Емельян Пугачёв
0%
Иван Грозный
0%
Сергей Королёв
0%
Иосиф Сталин
0%
Сергей Прокофьев
0%
Эдуард Стрельцов
0%
Борис Немцов
0%
Николай Гоголь
0%
Вячеслав Тихонов
0%
Борис Ельцин
0%
Михаил Булгаков
0%
Любовь Орлова
0%
Владимир Высоцкий
0%
Михаил Задорнов
0%
Юрий Никулин
0%
Сергей Магнитский
0%
Александр Градский
0%
Муслим Магомаев
0%
Алексей Косыгин
0%
Пётр Чаадаев
0%
Феликс Дзержинский
0%
Алексей Щусев
0%
Михаил Ботвинник
0%
Арам Хачатурян
0%
Владислав Листьев
0%
Михаил Тухачевский
0%
Анна Политковская
0%
Иван Кожедуб
0%
Михаил Горбачёв
0%
Афанасий Фет
0%
Валерий Чкалов
0%
Алексей Леонов
0%
Михаил Жванецкий
0%
No matching quizzes found
Score Distribution
Percent of People with Each Score
Percentile by Number Answered
Your Score History
You have not taken this quiz